=LDR 00000nam 2200000 4500 =001 INLIS000000000013945 =005 20130612105246 =008 ***********************************Ind** =035 ##$$0010-061300000013945 =041 ##$$a Ind =082 ##$$a 808.02 =090 ##$$a 808.02, Sha b =100 ##$$a Shaughnessy, Susan =245 ##$$a Berani berekspresi, Susan Saughnessy ; Penerjemah, Lala Herawati =260 ##$$a 2004 $b Bandung =300 ##$$a 247 hlm, Ilus, 23 cm =650 ##$$a kepengarangan =700 ##$$a Herawati, Lala =850 ##$$a NBPNMAT